Derecho administrativo y teora̕ del derecho

Bibliographic Details
Main Author: Alonso Vidal, Horacio-Još
Format: eBook
Language:Spanish
Published: Lima: Palestra Editores, 2019
Subjects:
Online Access:Acceso restringido

MARC

LEADER 00000nam a22000007a 4500
005 20190815003858.0
007 cr|||| ||||
008 190815s2019 pe |||||s|||| 00||0 spa d
020 |a 978-612-325-058-4 
035 |a 24065 
040 |a vLex 
090 |c 9197  |d 9197 
100 1 |a Alonso Vidal, Horacio-Još 
245 1 0 |a Derecho administrativo y teora̕ del derecho  |h [Recurso electrn̤ico] /  |c Horacio-Jos ̌Alonso Vidal 
256 |a Servicio en ln̕ea 
260 |a Lima:  |b Palestra Editores,  |c 2019 
300 |a 1 recurso electrn̤ico 
506 1 |a Disponible solo en los productos indicados  |d vLex Global  |d vLex Global (Academic Edition, excluding Law Schools)  |d vLex Global (U.S. Academic Edition, Law Schools)  |d vLex Global (U.S. Academic Edition, excluding Law Schools)  |d vLex Global (Academic Edition, Law Schools) 
650 0 4 |a Derecho Pb︢lico y Administrativo  |z Per︢ 
740 0 |a vLex Libros (Servicio en ln̕ea) 
856 4 0 |u http://vlex.com/source/derecho-administrativo-teoria-derecho-24065  |z Acceso restringido 
942 |c BOOK 
999 0 |a Public and Administrative Law